Keizai Dantai Rengōkai jūnenshi : tsuketari Nihon Sangyō Kyōgikai shi /
Saved in:
| Corporate Author: | |
|---|---|
| Other Authors: | |
| Format: | Book |
| Language: | Japanese |
| Published: |
Tōkyō :
Keizai Dantai Rengōkai,
Shōwa 37-38 [1962-1963]
|
| Subjects: | |
| Tags: |
Add Tag
No Tags, Be the first to tag this record!
|
| LEADER | 01510cam a2200361 a 4500 | ||
|---|---|---|---|
| 001 | 007769743-X | ||
| 005 | 20030808145149.0 | ||
| 008 | 891207m19621963ja a 000 0 jpn d | ||
| 010 | |a j 63001161 | ||
| 035 | 0 | |a ocm20743981 | |
| 040 | |a MiEM |c MiEM |d CU-S |d MdU |d *YNH* |d CStRLIN | ||
| 043 | |a a-ja--- | ||
| 110 | 2 | |6 880-01 |a Keizai Dantai Rengōkai. | |
| 245 | 0 | 0 | |6 880-02 |a Keizai Dantai Rengōkai jūnenshi : |b tsuketari Nihon Sangyō Kyōgikai shi / |c Horikoshi Teizō hensan. |
| 260 | |6 880-03 |a Tōkyō : |b Keizai Dantai Rengōkai, |c Shōwa 37-38 [1962-1963] | ||
| 300 | |a 2 v. : |b ill. ; |c 27 cm. | ||
| 500 | |a Errata slip inserted. | ||
| 610 | 2 | 0 | |6 880-04 |a Keizai Dantai Rengōkai |x History. |
| 651 | 0 | |a Japan |x Economic conditions |y 1945-1989. | |
| 610 | 2 | 0 | |6 880-05 |a Nihon Keizai Renmeikai |x History. |
| 610 | 2 | 0 | |6 880-06 |a Jūyō Sangyō Kyōgikai |x History. |
| 610 | 2 | 0 | |6 880-07 |a Nihon Sangyō Kyōgikai |x History. |
| 700 | 1 | |6 880-08 |a Horikoshi, Teizō, |d 1898-1987. | |
| 880 | 2 | |6 110-01 |a 経済団体連合会. | |
| 880 | 0 | 0 | |6 245-02 |a 経済団体連合会十年史 : |b 付・日本產業協議会史 / |c 堀越禎三編纂. |
| 880 | |6 260-03 |a 東京 : |b 経済団体連合会, |c 昭和 37-38 [1962-1963] | ||
| 880 | 2 | 0 | |6 610-04 |a 経済団体連合会 |x History. |
| 880 | 2 | 0 | |6 610-05 |a 日本経済連盟会 |x History. |
| 880 | 2 | 0 | |6 610-06 |a 重要產業協議会 |x History. |
| 880 | 2 | 0 | |6 610-07 |a 日本產業協議会 |x History. |
| 880 | 1 | |6 700-08 |a 堀越禎三, |d 1898-1987. | |
| 988 | |a 20021214 | ||
| 906 | |0 OCLC | ||


